[Event "27th NAO OCF FIDE Open"]
[Site "Stillwater USA"]
[Date "2009.05.24"]
[Round "4"]
[White "Movsisyan,M"]
[Black "Zivanic,M"]
[Result "0-1"]
[WhiteElo "2224"]
[BlackElo "2459"]

1.e4 c5 2.Nf3 e6 3.d4 cxd4 4.Nxd4 Nc6 5.Nc3 Qc7 6.Be2 a6 7.O-O Nf6 8.Kh1 h5
9.f4 Nxd4 10.Qxd4 b5 11.e5 Ng4 12.Bf3 Bb7 13.Bxb7 Qxb7 14.f5 Rc8 15.fxe6 dxe6
16.Bg5 Bc5 17.Qd2 b4 18.Na4 O-O 19.Rae1 Qb5 20.Nxc5 Qxc5 21.Qf4 Qd5 22.h3 Rc4
23.Qg3 f5 24.hxg4 Rxg4 25.Qf3 Qxf3 26.gxf3 Rxg5 27.f4 Rg4 28.Rd1 Rc8 29.Rf2 a5
30.Rd6 Rg6 31.Rfd2 Rc4 32.Rd8+ Kh7 33.Ra8 Rxf4 34.Rxa5 Rfg4 35.a4 f4 36.Ra8 f3
37.Rf8 Rg1+ 38.Kh2 R6g2+ 39.Rxg2 Rxg2+ 40.Kh3 Rxc2 41.Rxf3 Rxb2  0-1

[Event "ch-UKR w"]
[Site "Evpatoria UKR"]
[Date "2009.05.25"]
[Round "3"]
[White "Kalinina,O"]
[Black "Vasilevich,T"]
[Result "1/2-1/2"]
[WhiteElo "2159"]
[BlackElo "2399"]

1.e4 c5 2.Nf3 e6 3.d4 cxd4 4.Nxd4 Nc6 5.Nc3 Qc7 6.a3 a6 7.g3 b5 8.Bg2 Nf6
9.O-O Nxd4 10.Qxd4 Bc5 11.Qd3 Bb7 12.Bf4 Qc6 13.Rad1 O-O 14.Bd6 Rfc8 15.Rd2 Ng4
16.h3 Bxd6 17.hxg4 Bxa3 18.bxa3 Qxc3 19.Qxd7 g6 20.Rfd1 Rc7 21.Qd6 Rac8 22.Qf4 Rf8
23.e5 Qxa3 24.Rd6 Bxg2 25.Kxg2 Qa4 26.Qxa4 bxa4 27.Rxa6 Rxc2 28.Ra1 Re2 29.Ra5 f6
30.Kf1 Rxe5 31.Rxe5 fxe5 32.Rxa4 Kg7 33.Ke2 Kf6 34.Ra7 h6 35.Ke3 Rb8 36.Rh7 Rb3+
37.Ke4 Rb4+ 38.Ke3 Kg5 39.f3 Rb2 40.Re7 Kf6 41.Rh7 Rh2 42.Rh8 Rh1 43.Rh7 Rh3
44.Kf2 Rh1 45.Ke3 Rh2  1/2-1/2

[Event "27th NAO OCF FIDE Open"]
[Site "Stillwater USA"]
[Date "2009.05.25"]
[Round "6"]
[White "Brooks,M"]
[Black "Zivanic,M"]
[Result "1-0"]
[WhiteElo "2463"]
[BlackElo "2459"]

1.e4 c5 2.Nf3 e6 3.d4 cxd4 4.Nxd4 Nc6 5.Nc3 Qc7 6.Ndb5 Qb8 7.Be3 a6 8.Nd4 Qc7
9.Be2 Nf6 10.O-O Bb4 11.Na4 O-O 12.Nxc6 bxc6 13.Nb6 Rb8 14.Nxc8 Rfxc8 15.Bxa6 Rf8
16.Bd3 Bd6 17.f4 e5 18.f5 Rxb2 19.g4 Qa5 20.g5 Ne8 21.a4 Bc5 22.Bxc5 Qxc5+
23.Kh1 d5 24.f6 g6 25.Qc1 Rb8 26.Re1 dxe4 27.Bxe4 Nd6 28.Bg2 Nf5 29.a5 Nd4
30.Be4 Ra8 31.a6 Ra7 32.Qa3 Qc4 33.Reb1 Ne6 34.Qb4 Qe2 35.Re1 Qf2 36.Bxc6 Nxg5
37.Rf1 Qxc2 38.Rac1 Qd3 39.Rcd1  1-0

[Event "Subic Open"]
[Site "Subic PHI"]
[Date "2009.05.25"]
[Round "1"]
[White "Ochoa,C"]
[Black "Sadorra,J"]
[Result "0-1"]
[WhiteElo "2276"]
[BlackElo "2451"]

1.e4 c5 2.Nf3 e6 3.d4 cxd4 4.Nxd4 Nc6 5.Nc3 Qc7 6.Be3 a6 7.Bd3 Nf6 8.O-O Ne5
9.h3 Bc5 10.Kh1 d6 11.f4 Bd7 12.fxe5 dxe5 13.Nxe6 fxe6 14.Bg5 O-O 15.Qe2 Rf7
16.Nd1 Raf8 17.Ne3 Be8 18.Kh2 Nh5 19.Rxf7 Bxf7 20.Ng4 Nf4 21.Bxf4 exf4 22.e5 h5
23.Nf2 Be3 24.Nd1 Qxe5 25.Kh1 Bd4 26.c3 Qxe2 27.Bxe2 Ba7 28.Bf3 Rb8 29.b3 e5
30.Nb2 b5 31.Rd1 Bg6 32.Rd6 Rb6 33.Bd5+ Kh7 34.Rd7 Bb8 35.c4 Rd6 36.Rxd6 Bxd6
37.cxb5 axb5 38.a4 bxa4 39.bxa4 Bc5 40.a5 e4 41.Na4 Bd4 42.Nb6 e3 43.Bc4 Be4
44.Be2 g5 45.Kg1 g4 46.hxg4 hxg4 47.Kf1 f3 48.gxf3 gxf3 49.Bc4 Kg6 50.Nc8 Bc5
51.a6 Kg5 52.a7 Kf4 53.Ba6 Kg3 54.Bb5 f2 55.Ke2 Bf3+  0-1

[Event "Subic Open"]
[Site "Subic PHI"]
[Date "2009.05.25"]
[Round "1"]
[White "Yu Lie"]
[Black "Kunte,A"]
[Result "1-0"]
[WhiteElo "2307"]
[BlackElo "2513"]

1.e4 c5 2.Nf3 e6 3.d4 cxd4 4.Nxd4 Nc6 5.Nc3 Qc7 6.Be3 a6 7.Qd2 Nf6 8.O-O-O Bb4
9.f3 O-O 10.g4 b5 11.Qe1 Bb7 12.Qg3 Rac8 13.Qxc7 Rxc7 14.Nxc6 Bxc6 15.Bf4 Ra7
16.Bd6 Bxd6 17.Rxd6 Rb8 18.g5 Ne8 19.Rd2 Kf8 20.Ne2 Rc7 21.Nd4 Ba8 22.Be2 Ke7
23.Rhd1 d6 24.a4 bxa4 25.Bxa6 Rc5 26.h4 g6 27.Bd3 f6 28.Rg2 Rb4 29.Ne2 f5
30.Nc3 Bc6 31.Re1 Ng7 32.Rge2 f4 33.Rd2 Rb6 34.Nb1 e5 35.c3 d5 36.exd5 Rxd5
37.Be4 Rc5 38.Bxc6 Rbxc6 39.Rd4 Ra6 40.Rxf4 Nf5 41.Rfe4 Raa5 42.Na3 Nd6 43.Rb4 Ra6
44.Rb8 Ra7 45.Rd1 Nf5 46.Rh8 Ke6 47.Rf8 Rf7 48.Rxf7 Kxf7 49.Rd7+ Kg8 50.Rd8+ Kf7
51.Rd7+ Kg8 52.Kd2 Nxh4 53.Ke3 Nf5+ 54.Kd3 Ng7 55.Rd8+ Kf7 56.Rh8 Nh5 57.Rxh7+ Ke6
58.Ra7 Kf5 59.Rxa4 Nf4+ 60.Kc2 Ne6 61.Nc4 Kxg5 62.Nd6 Rc6 63.Ne4+ Kf4 64.Nd2+ Kf5
65.Nc4 Ng5 66.Ne3+ Kf6 67.f4 exf4 68.Rxf4+ Ke5 69.Ra4 Ne4 70.Nc4+ Kf5 71.Nd2 Nf6
72.Nf3 Rc8 73.Kd3 Nd7 74.b4 Kf4 75.Ra7 Rd8 76.Nd4 Ne5+ 77.Kc2 Rc8 78.Rg7 g5
79.b5 Nc4 80.Rf7+ Ke4 81.Rg7 Kf4 82.Kb3 g4 83.Kb4 Nb6 84.Ka5 Nd5 85.b6 Nxb6
86.Kxb6 Ke3 87.Nb5 Kf3 88.Rf7+ Ke3 89.Rg7 Rc4 90.Nc7 Kf2 91.Nd5 g3 92.Kb5 Rc8
93.Rf7+ Ke1 94.c4 g2 95.Rg7 Kf2 96.Nf4 g1=N 97.Nd3+ Kf3 98.Rf7+ Ke2 99.Nf4+ Kd2
100.Rd7+ Kc2 101.c5 Nf3 102.Rd5 Rb8+ 103.Kc6 Rf8 104.Ne6  1-0

[Event "VI Muhamedzjanov Mem"]
[Site "Naberezhnye Chelny RUS"]
[Date "2009.05.26"]
[Round "7"]
[White "Alavkin,A"]
[Black "Kupreichik,V"]
[Result "1/2-1/2"]
[WhiteElo "2460"]
[BlackElo "2453"]

1.e4 c5 2.Nf3 e6 3.d4 cxd4 4.Nxd4 Nc6 5.Nc3 Qc7 6.g3 a6 7.Bg2 d6 8.O-O Bd7
9.Kh1 Be7 10.f4 Nf6 11.Nf3 O-O 12.Qe2 b5 13.a3 Rac8 14.Be3 Na5 15.Bd4 Nc4
16.Nd1 e5 17.Bc3 exf4 18.gxf4 d5 19.e5 Ne4 20.Bd4 f6 21.b3 Nxa3 22.Ne3 Qb7
23.Bb2 b4 24.Nd4 f5 25.Bh3 Bc5 26.e6 Bxd4 27.exd7 Bxb2 28.dxc8=Q Qxc8 29.Rae1 g6
30.Nxd5 Qc5 31.Ne3 Bc3 32.Rd1 Bd4 33.Rd3 Re8 34.Rf3 Nxc2 35.Qxc2 Bxe3 36.Qxc5 Bxc5
37.Kg2 Nc3 38.Kf1 a5 39.Rd7 Be3 40.Bxf5 gxf5 41.Rg3+ Kh8 42.Rh3 Kg8 43.Rhxh7 Bd4
44.Rh5 Bf6 45.Rxf5 Rd8 46.Ra7 Nd5 47.Ke2 Rd6 48.Rxa5 Nc3+ 49.Ke3 Kf7 50.h4 Ke6
51.h5 Nd5+ 52.Ke4 Ne7 53.Rfb5 Rd4+ 54.Kf3 Rd3+ 55.Ke4 Rd4+ 56.Kf3 Rd3+ 57.Kg4 Rxb3
58.Rb6+ Kf7 59.Rab5 Bc3 60.Rb7 Rb1 61.h6 Rg1+ 62.Kf3 Rh1 63.h7 Bf6 64.Rxb4  1/2-1/2

[Event "Subic Open"]
[Site "Subic PHI"]
[Date "2009.05.26"]
[Round "2"]
[White "Ghaem Maghami,E"]
[Black "Wan Yunguo"]
[Result "1-0"]
[WhiteElo "2593"]
[BlackElo "2434"]

1.e4 c5 2.Nf3 e6 3.d4 cxd4 4.Nxd4 Nc6 5.Nc3 Qc7 6.Be3 a6 7.Qd2 Nf6 8.O-O-O Bb4
9.f3 Ne5 10.Nb3 b5 11.Qe1 Rb8 12.Qg3 Nh5 13.Qh4 Nf6 14.Qg3 Nh5 15.Qf2 Nc4
16.Bc5 Bxc3 17.bxc3 d6 18.Bb4 a5 19.Nxa5 Nxa5 20.Bxd6 Qb6 21.Qxb6 Rxb6 22.Bc7 Rb7
23.Bxa5 O-O 24.Bb4 Re8 25.g3 Nf6 26.Be2 e5 27.a3 Be6 28.Rd6 g5 29.Rhd1 Nd7
30.Ra6 h5 31.Ra5 Reb8 32.Bd6 Rc8 33.Rxb5 Rxb5 34.Bxb5 Nb6 35.a4 Rxc3 36.Bxe5 Rc8
37.Bf6 Bb3 38.Rd8+  1-0

[Event "GM"]
[Site "Gyumri ARM"]
[Date "2009.05.28"]
[Round "6"]
[White "Harutjunyan,G"]
[Black "Chibukhchian,A"]
[Result "1/2-1/2"]
[WhiteElo "2504"]
[BlackElo "2467"]

1.e4 c5 2.Nf3 e6 3.d4 cxd4 4.Nxd4 Nc6 5.Nc3 Qc7 6.f4 a6 7.Be3 b5 8.Be2 Bb7
9.Bf3 Rc8 10.Nb3 Na5 11.O-O Nc4 12.Bd4 Ne7 13.Qe2 Ng6 14.g3 Be7 15.e5 O-O
16.Bxb7 Qxb7 17.Ne4 d6 18.exd6 Nxd6 19.Nxd6 Bxd6 20.a4 Ne7 21.axb5 axb5 22.Bf2 Nd5
23.f5 Rfe8 24.Qf3 Rc7 25.fxe6 fxe6 26.Ra7 Qc8 27.Rxc7 Bxc7 28.Qe4 b4 29.Re1 Bd6
30.Nd2 Bc5 31.Bxc5 Qxc5+ 32.Kg2 h6 33.Nb3 Qc8 34.Nd4 Nf6 35.Qc6 Qd8 36.Qc4 Qa8+
37.Kg1 Qa7 38.Kg2 Qb7+ 39.Kg1 Qa7 40.Kf1 Ng4 41.Kg2 Kh8 42.h3 Nf6 43.Rxe6 Rxe6
44.Nxe6 Qe3 45.Qc8+ Kh7 46.Nf8+ Kh8 47.Ng6+ Kh7 48.Nf8+ Kh8 49.Ne6+ Kh7 50.Nf8+ Kh8
51.Ng6+ Kh7 52.Qf5 Qe2+ 53.Kg1 Qd1+ 54.Kg2 Qd2+ 55.Kg1 Qd1+ 56.Kg2 Qd2+  1/2-1/2

[Event "TOP 16 Poule Haute"]
[Site "Le Port Marly FRA"]
[Date "2009.05.29"]
[Round "9"]
[White "Svidler,P"]
[Black "Cossin,S"]
[Result "1-0"]
[WhiteElo "2726"]
[BlackElo "2471"]

1.e4 c5 2.Nf3 e6 3.d4 cxd4 4.Nxd4 Nc6 5.Nc3 a6 6.Nxc6 bxc6 7.e5 Qc7 8.Qe2 Rb8
9.g3 Ne7 10.Ne4 Nf5 11.c3 Rb5 12.Bf4 Rxe5 13.Bh3 d5 14.Bxf5 exf5 15.Bxe5 Qxe5
16.Nd2 Qe6 17.Nf3 Be7 18.Nd4 Qd6 19.O-O-O O-O 20.Nxc6 Bg5+ 21.f4 Qxc6 22.fxg5 d4
23.c4 Be6 24.b3 Rd8 25.Rhf1 Qd6 26.Qd3  1-0

[Event "Copper State Int"]
[Site "Mesa USA"]
[Date "2009.05.29"]
[Round "2"]
[White "Becerra Rivero,J"]
[Black "Ginsburg,M"]
[Result "1-0"]
[WhiteElo "2609"]
[BlackElo "2380"]

1.e4 c5 2.Nf3 e6 3.d4 cxd4 4.Nxd4 Nc6 5.Nc3 Qc7 6.Be3 Nf6 7.Bd3 a6 8.O-O d6
9.a4 Be7 10.f4 Nxd4 11.Bxd4 e5 12.Be3 exf4 13.Rxf4 Be6 14.Qf3 Nd7 15.Qg3 Bf6
16.Rff1 Be5 17.Qh4 Nf6 18.Kh1 h6 19.a5 Qe7 20.Qe1 O-O 21.Na4 Rac8 22.Nb6 Rc6
23.c3 Re8 24.Bg1 Qc7 25.Bc2 d5 26.exd5 Nxd5 27.Ba4 Nf4 28.Qe4 g5 29.Rae1 Bg7
30.Bxc6 bxc6 31.Be3 Nd5 32.Bd4  1-0

[Event "3rd ENCI Limburg Open"]
[Site "Maastricht NED"]
[Date "2009.05.30"]
[Round "3"]
[White "Panchanathan,M"]
[Black "Op den Kelder,J"]
[Result "1-0"]
[WhiteElo "2462"]
[BlackElo "2265"]

1.e4 c5 2.Nf3 e6 3.d4 cxd4 4.Nxd4 Nc6 5.Nc3 Qc7 6.Be2 a6 7.O-O Nf6 8.Be3 Be7
9.f4 d6 10.Kh1 O-O 11.a4 Bd7 12.Qe1 Rae8 13.Qg3 Bd8 14.Rad1 Kh8 15.Bf3 Nxd4
16.Rxd4 e5 17.Rd2 Bc6 18.Rfd1 Be7 19.Qf2 b5 20.axb5 axb5 21.b4 Qb7 22.fxe5 dxe5
23.Bc5 Bxc5 24.Qxc5 h6 25.Rd6 Rc8 26.Qxe5 Rfe8 27.Qf5 Nxe4 28.Rxc6 Nf2+ 29.Kg1 Rxc6
30.Rf1 Qb6 31.Bxc6 Ne4+ 32.Kh1 Qxc6 33.Qxb5 Qxb5 34.Nxb5 Rb8 35.Rf4 Rd8 36.h4 Rd1+
37.Kh2 Nd2 38.Rxf7 Nf1+ 39.Kh3 h5 40.Nc3 Ne3 41.Nxd1  1-0

[Event "3rd ENCI Limburg Open"]
[Site "Maastricht NED"]
[Date "2009.05.30"]
[Round "3"]
[White "Berg,E"]
[Black "Arnaudov,P"]
[Result "1-0"]
[WhiteElo "2610"]
[BlackElo "2199"]

1.e4 c5 2.Nf3 Nc6 3.d4 cxd4 4.Nxd4 e6 5.Nc3 Qc7 6.Be3 a6 7.Qd2 Nf6 8.O-O-O Bb4
9.f3 d5 10.a3 Bd6 11.exd5 Nxd5 12.Nxd5 exd5 13.Kb1 O-O 14.h4 Be5 15.g4 Be6
16.h5 Rfe8 17.c3 Na5 18.Nxe6 Rxe6 19.f4 Bd6 20.f5 Ree8 21.g5 Rad8 22.g6 Nc4
23.Bxc4 Qxc4 24.Bd4 Be5 25.h6 Bxd4 26.cxd4 fxg6 27.fxg6 Re7 28.Qg5 Qc7 29.hxg7 Rxg7
30.Rxh7 Qd6 31.Rdh1 Rxh7 32.Rxh7 Rd7 33.Qh5 Qf6 34.Rxd7 Qf1+ 35.Ka2 Qc4+
36.Kb1 Qf1+ 37.Kc2 Qc4+ 38.Kd2 Qxd4+ 39.Ke1 Qg1+ 40.Kd2 Qd4+ 41.Ke1 Qg1+
42.Ke2 Qg2+ 43.Ke3 Qe4+ 44.Kf2 Qd4+ 45.Kg3 Qe3+ 46.Qf3 Qg5+ 47.Kh3 Qh6+ 48.Kg4  1-0

[Event "3rd ENCI Limburg Open"]
[Site "Maastricht NED"]
[Date "2009.05.30"]
[Round "3"]
[White "Dek,L"]
[Black "Richter,Go"]
[Result "1-0"]
[WhiteElo "2179"]
[BlackElo "2064"]

1.e4 c5 2.Nf3 e6 3.Nc3 Nc6 4.d4 cxd4 5.Nxd4 d6 6.Be2 Nf6 7.O-O Be7 8.Kh1 O-O
9.f4 d5 10.e5 Nxd4 11.Qxd4 Nd7 12.Qf2 f6 13.Bg4 f5 14.Bf3 Nc5 15.Be3 Ne4
16.Bxe4 fxe4 17.Bxa7 g5 18.Bb6 Qe8 19.Qg3 Qg6 20.fxg5 Rxf1+ 21.Rxf1 Qxg5
22.Qf2 Bd7 23.Qf7+ Kh8 24.Be3 Qg7 25.Bh6 Qxf7 26.Rxf7 Re8 27.Ne2 Kg8 28.Rg7+ Kh8
29.Rf7 Kg8 30.Rf4 Bf8 31.Bxf8 Rxf8 32.Rxf8+ Kxf8 33.Kg1 Kg7 34.Kf2 Kg6 35.g4 Bb5
36.Nf4+ Kf7 37.Ke3 Ke7 38.Kd4 Bf1 39.g5 Bb5 40.h4 Be8 41.h5 Bd7 42.h6 Kf7
43.g6+ hxg6 44.h7 Kg7 45.Nxg6  1-0

[Event "3rd ENCI Limburg Open"]
[Site "Maastricht NED"]
[Date "2009.05.31"]
[Round "4"]
[White "Smith,T"]
[Black "Richter,Go"]
[Result "1-0"]
[WhiteElo "1955"]
[BlackElo "2064"]

1.e4 c5 2.Nf3 e6 3.d4 cxd4 4.Nxd4 Nc6 5.Nc3 d6 6.Be3 Nf6 7.Qd2 Be7 8.f3 a6
9.O-O-O Bd7 10.g4 h6 11.h4 Qc7 12.Kb1 O-O-O 13.Nb3 Na5 14.Nxa5 Qxa5 15.Nd5 Qxd2
16.Nxe7+ Kc7 17.Bxd2 Rde8 18.Bb4 Rxe7 19.Bxd6+ Kd8 20.Bxe7+ Kxe7 21.Be2 g6
22.Rd4 Bc6 23.Rhd1 Nd7 24.Kc1 h5 25.g5 Rc8 26.f4 e5 27.fxe5 Nxe5 28.c3 Rc7
29.Kd2 Bd7 30.Ke3 Be6 31.a3 Bb3 32.R1d2 Nc6 33.Rd6 Na5 34.Kf4 Nc6 35.Bd1 Be6
36.Be2 Na5 37.Bf1 Nb3 38.Rd1 Bg4 39.R1d3 Nc5 40.R3d5 Na4 41.Rd2 Nxb2 42.R6d4 Rxc3
43.Rxb2 Rf3+ 44.Ke5 Rxf1 45.Rxb7+ Ke8 46.Rd6 Be2 47.Rf6  1-0

[Event "XXXI Nezhmetdinov Mem"]
[Site "Kazan RUS"]
[Date "2009.06.01"]
[Round "2"]
[White "Khairullin,A"]
[Black "Sanzhaev,D"]
[Result "0-1"]
[WhiteElo "1882"]
[BlackElo "2120"]

1.e4 c5 2.Nf3 e6 3.d4 cxd4 4.Nxd4 Nc6 5.Nc3 Qc7 6.Be3 a6 7.Nxc6 bxc6 8.f4 d5
9.exd5 cxd5 10.Be2 Ne7 11.Bd3 Nc6 12.Ne2 Bd6 13.O-O O-O 14.c3 a5 15.g3 e5
16.fxe5 Nxe5 17.Nf4 Nxd3 18.Qxd3 Ba6 19.Qxd5 Bxf1 20.Rxf1 Bxf4 21.Rxf4 Rad8
22.Qf3 Rfe8 23.Rd4 Rxd4 24.Bxd4 Qc4 25.b3 Re1+ 26.Kg2 Qe2+ 27.Bf2 Rg1+  0-1

[Event "3rd ENCI Limburg Open"]
[Site "Maastricht NED"]
[Date "2009.06.01"]
[Round "7"]
[White "Smith,T"]
[Black "Op den Kelder,J"]
[Result "1/2-1/2"]
[WhiteElo "1955"]
[BlackElo "2265"]

1.e4 c5 2.Nf3 e6 3.d4 cxd4 4.Nxd4 Nc6 5.Nc3 Qc7 6.Be3 a6 7.Bd3 Nf6 8.O-O Ne5
9.h3 Bc5 10.Kh1 b5 11.f4 Nxd3 12.cxd3 Qb6 13.Nce2 a5 14.Rc1 Ba6 15.Qd2 Bb4
16.Qd1 Qb7 17.a3 Be7 18.Nb3 a4 19.Nc5 Qb8 20.Qd2 Bc8 21.e5 Nd5 22.Ne4 Nxe3
23.Qxe3 O-O 24.N2g3 Bb7 25.d4 Bxe4 26.Nxe4 f5 27.Nc5  1/2-1/2

[Event "3rd ENCI Limburg Open"]
[Site "Maastricht NED"]
[Date "2009.06.01"]
[Round "7"]
[White "Berg,E"]
[Black "Solodovnichenko,Y"]
[Result "1/2-1/2"]
[WhiteElo "2610"]
[BlackElo "2564"]

1.e4 c5 2.Nf3 e6 3.d4 cxd4 4.Nxd4 Nc6 5.Nc3 d6 6.Be3 Nf6 7.Be2 Be7 8.O-O O-O
9.Qd2 Nxd4 10.Bxd4 b6 11.f4 Bb7 12.Bd3 e5 13.fxe5 dxe5 14.Bxe5 Nxe4 15.Nxe4 Bxe4
16.Rad1 Bc5+ 17.Kh1 Bxd3 18.Qxd3 Qxd3 19.Rxd3 Rfe8 20.Bc3 Re2 21.Rd2 Rxd2
22.Bxd2 Rd8 23.Bc3 f5 24.g3 Rd5 25.Kg2 g5 26.h3 Kf7 27.g4 f4 28.h4 h6 29.hxg5 hxg5
30.Rh1 Kg6 31.Kf3 b5 32.a3 Rd8 33.Re1 Be3 34.Rh1 Re8 35.Re1 Rd8 36.Rh1 a6
37.Re1 Rd7 38.Rh1 Bc5 39.Re1 Re7 40.Rxe7 Bxe7 41.Ba5 Kf7 42.Ke4 Ke6 43.Bd2 Bc5
44.Ba5 Bf8 45.Bc3 Bd6 46.Be1 Be7 47.Bd2 Bc5 48.Kf3 Ke7 49.Ke4 Kd6 50.Bc3 Kc6
51.Bd2 Bd6 52.Bc3 Be7 53.Bd2 Bc5 54.Bc3 Be7 55.b3 Bxa3 56.Bf6 Bc1 57.Bxg5 f3
58.Bh4 Bg5 59.Be1 Bd2 60.Bh4 Bg5 61.Be1 Bd2 62.Bh4  1/2-1/2

[Event "Copper State Int"]
[Site "Mesa USA"]
[Date "2009.06.02"]
[Round "8"]
[White "Harmon,L"]
[Black "Mueller,Jas"]
[Result "1/2-1/2"]
[WhiteElo "2011"]
[BlackElo "2174"]

1.e4 c5 2.Nf3 e6 3.d4 cxd4 4.Nxd4 Nc6 5.Nc3 Qc7 6.Be3 a6 7.f4 d6 8.Be2 Be7
9.O-O Nf6 10.Bf3 Nxd4 11.Bxd4 e5 12.Be3 exf4 13.Bxf4 Qc5+ 14.Kh1 O-O 15.Qd2 Be6
16.Rad1 Rad8 17.Qd4 b5 18.Rfe1 Ng4 19.Kg1 Qxd4+ 20.Rxd4 d5 21.Rd3 Bc5+ 22.Kf1 dxe4
23.Nxe4 Bb4 24.Red1 Bc4 25.Bxg4 Bxd3+ 26.cxd3 f5 27.Nf6+ Rxf6 28.Bf3 h6 29.h4 Bd6
30.Be3 Bg3 31.h5 Rfd6 32.d4 Be5 33.d5 Rc8 34.Rd2 g5 35.g4 Rc1+ 36.Ke2 f4
37.Bf2 Kf7 38.Ba7 Rd7 39.Bf2 Rdc7 40.Be4 Ke7 41.Bb6 R7c4 42.Bf5 Rh1 43.Kf3 Rh3+
44.Kg2 Rg3+ 45.Kf2 Rc1 46.Ba5 Bd6 47.Re2+ Re3 48.Rxe3+ fxe3+ 49.Kxe3 Bc5+
50.Kd2 Rf1 51.Bc3 Rf2+ 52.Kd3 Rf3+ 53.Kd2 Rf2+ 54.Ke1 Rh2 55.Bg7 Kf7 56.Be5 Rg2
57.Kd1 a5 58.Kc1 Be3+ 59.Kb1 Bf4 60.Bd4 Bd6 61.Be6+ Ke7 62.a3 Re2 63.Kc1 Be5
64.Bc5+ Bd6 65.Bd4 Bf4+ 66.Kb1 Be5 67.Bc5+ Bd6 68.Bd4 Be5 69.Bc5+ Kf6 70.b4 axb4
71.axb4 Bb2 72.Bd7 Ba3 73.Bxb5 Rb2+ 74.Ka1 Rxb4 75.Bxb4 Bxb4 76.Bd7  1/2-1/2

[Event "59th ch-RUS w HL"]
[Site "Voronezh RUS"]
[Date "2009.06.02"]
[Round "2"]
[White "Meshcheriakova,E"]
[Black "Ubiennykh,E"]
[Result "1-0"]
[WhiteElo "2258"]
[BlackElo "2288"]

1.e4 c5 2.Nf3 Nc6 3.Nc3 e6 4.d4 cxd4 5.Nxd4 Qc7 6.Be3 a6 7.Nb3 b5 8.a3 Nf6
9.f4 h5 10.Be2 Bb7 11.Bf3 d6 12.O-O Rc8 13.Re1 Ne7 14.Nd4 Qb8 15.Bf2 Rc4
16.Kh1 Nc8 17.Qd3 Be7 18.a4 Ng4 19.Bg1 e5 20.Nf5 exf4 21.Bxg4 hxg4 22.axb5 axb5
23.Nxb5 Rb4 24.c4 f3 25.Nxg7+ Kd7 26.gxf3 Rh3 27.Qc3 gxf3 28.Qxb4 f2 29.Kg2 fxg1=Q+
30.Kxg1 d5 31.Qd2 Bc5+ 32.Kh1 Qe5 33.Qg2 Rh7 34.exd5 Qxg7 35.Qe4 Qh8 36.Re2 Kd8
37.Qf4 f6 38.Rae1 Rf7 39.Re6 Qf8 40.Rxf6 Nd6 41.Rxd6+ Kc8 42.Rf6  1-0

[Event "II Magistral"]
[Site "Asuncion PAR"]
[Date "2009.06.03"]
[Round "6"]
[White "Zambrana,O"]
[Black "Bachmann,Ax"]
[Result "1/2-1/2"]
[WhiteElo "2473"]
[BlackElo "2555"]

1.e4 c5 2.Nf3 e6 3.d4 cxd4 4.Nxd4 Nc6 5.Nc3 Qc7 6.Be3 Nf6 7.f4 d6 8.Qf3 a6
9.O-O-O Be7 10.g4 Nxd4 11.Rxd4 b5 12.g5 Nd7 13.h4 Bb7 14.Kb1 O-O 15.f5 Ne5
16.Qh3 Nc6 17.Rd1 b4 18.Ne2 Rfc8 19.fxe6 Ne5 20.exf7+ Nxf7 21.Nd4 Bxe4 22.Bg2 Qb7
23.Bxe4 Qxe4 24.Rhe1 Bf8 25.Bc1 Qd5 26.b3 Rc3 27.Qe6 Qxe6 28.Nxe6 Rac8 29.Re2 Rh3
30.Rd4 a5 31.Rf2 Re8 32.Nxf8 Rh1 33.c3 Ree1 34.Rc2 Kxf8 35.cxb4 axb4 36.Rxb4 Ne5
37.Rb7 Nd3 38.Rc8+ Re8 39.Rxe8+ Kxe8 40.Kc2 Nxc1 41.a4 Ne2 42.Rxg7 Rxh4 43.a5 Nd4+
44.Kc3 Nb5+ 45.Kd3 d5 46.a6 Rh3+ 47.Kc2 Rh2+ 48.Kb1 Rh1+ 49.Kb2 Rh2+ 50.Kb1 d4
51.a7 Nxa7 52.Rxa7 d3 53.Kc1 Rc2+ 54.Kd1 Rb2 55.Rxh7 Rxb3 56.g6 Kf8 57.Kd2 Rb6
58.Kxd3 Rxg6  1/2-1/2

[Event "XXXI Nezhmetdinov Mem"]
[Site "Kazan RUS"]
[Date "2009.06.03"]
[Round "4"]
[White "Balashov,Y"]
[Black "Gazizov,R"]
[Result "1-0"]
[WhiteElo "2401"]
[BlackElo "2202"]

1.e4 c5 2.Nf3 e6 3.d4 cxd4 4.Nxd4 Nc6 5.Nc3 Qc7 6.Be3 a6 7.Bd3 Nf6 8.O-O Ne5
9.h3 d6 10.Qe2 Bd7 11.f4 Nc6 12.Rae1 Be7 13.Qf2 O-O 14.Nf3 Nb4 15.Bb6 Nxd3
16.cxd3 Qb8 17.e5 dxe5 18.fxe5 Nd5 19.Nxd5 exd5 20.Bc5 Bxc5 21.Qxc5 Be6 22.Qe3 Qd8
23.Nd4 Rc8 24.Re2 Rc7 25.Ref2 Re8 26.Qf4 Qe7 27.Rf3 g6 28.Re3 Rec8 29.Kh2 Rc1
30.Ref3 Rxf1 31.Rxf1 Rc7 32.Rf2 Rc8 33.Qh6 Bd7 34.Nf3 f5 35.d4 Qf8 36.Qe3 Qe7
37.Qb3 Bc6 38.Rc2 Kg7 39.Qe3 Re8 40.a3 h6 41.h4 Qe6 42.Ng1 Qe7 43.Qg3 Kh7
44.Nh3 Rg8 45.Qf2 Qd7 46.Nf4 Qf7 47.Rc3 h5 48.Nh3 Qe7 49.Ng5+ Kg7 50.Qf4 Re8
51.e6 Qf6 52.b4 Qe7 53.Rc5 Rd8 54.Qe5+ Kg8 55.Nf7  1-0

[Event "XXXI Nezhmetdinov Mem"]
[Site "Kazan RUS"]
[Date "2009.06.04"]
[Round "5"]
[White "Ambartsumova,K"]
[Black "Geller,J"]
[Result "0-1"]
[WhiteElo "2248"]
[BlackElo "2525"]

1.e4 c5 2.Nf3 e6 3.d4 cxd4 4.Nxd4 Nc6 5.Nc3 Qc7 6.Be2 Nf6 7.Be3 Be7 8.O-O O-O
9.f4 d6 10.Kh1 Nxd4 11.Bxd4 e5 12.Be3 a6 13.a4 exf4 14.Bxf4 Be6 15.Qd3 Nd7
16.Rad1 Ne5 17.Qg3 g6 18.Rd2 Rac8 19.Rfd1 Qb6 20.b3 Qb4 21.Bxe5 dxe5 22.Bc4 Bxc4
23.bxc4 Rxc4 24.Nd5 Qd6 25.Ne3 Rd4 26.Rxd4 exd4 27.Nf5 Qc5 28.Nxe7+ Qxe7
29.Rxd4 Rc8 30.Qd3 Qf6 31.h3 Rxc2 32.Qxc2 Qxd4 33.Qc8+ Kg7 34.Qxb7 Qd1+ 35.Kh2 Qxa4
36.Qb2+ f6 37.e5 Qc6 38.Qd4 Qc7  0-1

[Event "ch-CHN"]
[Site "Xinghua Jiangsu CHN"]
[Date "2009.06.04"]
[Round "9"]
[White "Hou Yifan"]
[Black "Zhang Pengxiang"]
[Result "1/2-1/2"]
[WhiteElo "2590"]
[BlackElo "2638"]

1.e4 c5 2.Nf3 Nc6 3.Nc3 e6 4.d4 cxd4 5.Nxd4 Nf6 6.Be2 Bb4 7.O-O Bxc3 8.bxc3 Nxe4
9.Qd3 d5 10.Ba3 f5 11.f3 Nxd4 12.Qxd4 Nf6 13.c4 Kf7 14.cxd5 exd5 15.g4 Re8
16.Bd3 fxg4 17.fxg4 Kg8 18.Rf4 Be6 19.Raf1 Qb6 20.Bc5 Qc7 21.Qf2 Rac8 22.Bxa7 Ne4
23.Qe3 Nc5 24.Bxc5 Qxc5 25.Qxc5 Rxc5 26.Rb1 Rc7 27.g5 Bf7 28.Rfb4 Ree7 29.Kf2 Bg6
30.R1b2 Kf7 31.Rf4+ Ke6 32.Ke3 Ke5 33.h4 Rc3 34.Rb5 Bxd3  1/2-1/2

[Event "OKU"]
[Site "Utrecht NED"]
[Date "2009.06.05"]
[Round "1"]
[White "Post,Maa"]
[Black "Pauw,S"]
[Result "1/2-1/2"]
[WhiteElo "1938"]
[BlackElo "2176"]

1.e4 c5 2.Nf3 e6 3.d4 cxd4 4.Nxd4 Nc6 5.Nc3 a6 6.Be3 Qc7 7.Bd3 Bb4 8.O-O Nf6
9.Nb3 Ne5 10.Ne2 Nfg4 11.Bf4 g5 12.Bg3 h5 13.Ned4 h4 14.Qxg4 hxg3 15.Qxg3 Bd6
16.f4 gxf4 17.Qg7 Ng6 18.Nf3 Bf8 19.Qd4 e5 20.Qc4 Qb6+ 21.Kh1 d6 22.Ng5 d5
23.exd5 Qf6 24.Nf3 Nh4 25.Nxe5 Bd6 26.Qxf4 Qxf4 27.Rxf4 Bxe5 28.Re1 f6 29.g3 Kd8
30.Rxh4 Rxh4 31.gxh4 Bg4 32.Nd2 Kc7 33.c3 Rh8 34.Be4 Rxh4 35.Nf1 Kd6 36.Bg2 f5
37.Kg1 a5 38.Ng3 f4 39.Ne4+ Kxd5 40.Nf6+ Kd6 41.Nxg4 Rxg4 42.Kf2 b5 43.Bf3 Rh4
44.Kg2 b4 45.Rd1+ Ke6 46.cxb4 axb4 47.b3 Rh8 48.Bg4+ Kf6 49.h3  1/2-1/2

[Event "OKU"]
[Site "Utrecht NED"]
[Date "2009.06.06"]
[Round "2"]
[White "Kuipers,S"]
[Black "Solodovnichenko,Y"]
[Result "1/2-1/2"]
[WhiteElo "2343"]
[BlackElo "2564"]

1.e4 c5 2.Nf3 e6 3.d4 cxd4 4.Nxd4 Nc6 5.Nc3 d6 6.Be3 Nf6 7.f3 Be7 8.Qd2 O-O
9.O-O-O a6 10.g4 Nd7 11.h4 Nde5 12.Qg2 Nxd4 13.Bxd4 Qc7 14.f4 Nc6 15.Be3 b5
16.h5 Bb7 17.Qf2 Bf6 18.Bb6 Qb8 19.Rh3 b4 20.Ne2 a5 21.g5 Be7 22.Rg3 a4 23.f5 b3
24.cxb3 Nb4 25.Bg2 exf5 26.a3 Rc8+ 27.Kb1 Ra6 28.Bd4 Qa8 29.Nc3 Bf8 30.exf5 axb3
31.Bxb7 Qxb7 32.Qf3 d5 33.h6 Nc2 34.Qxd5 Rxa3  1/2-1/2

[Event "ch-CHN"]
[Site "Xinghua Jiangsu CHN"]
[Date "2009.06.06"]
[Round "11"]
[White "Hou Yifan"]
[Black "Li Shilong"]
[Result "1/2-1/2"]
[WhiteElo "2590"]
[BlackElo "2557"]

1.e4 c5 2.Nf3 Nc6 3.Nc3 e6 4.d4 cxd4 5.Nxd4 d6 6.Be2 Nf6 7.O-O Be7 8.Be3 O-O
9.f4 Bd7 10.Nb3 a6 11.a4 b6 12.Bf3 Qc7 13.g4 h6 14.h4 Nh7 15.g5 hxg5 16.hxg5 Qd8
17.Qd2 e5 18.Nd5 exf4 19.Bxb6 Qb8 20.Bc7 Qa7+ 21.Bb6 Qb8 22.Bc7 Qe8 23.Nxe7+ Qxe7
24.Bxd6 Qxg5+ 25.Bg2 Bh3 26.Bxf8 Nxf8 27.Kh1 Rd8 28.Qf2 Bxg2+ 29.Qxg2 Qe5
30.Qf3 Rd6 31.Rf2 Rh6+ 32.Rh2 Rxh2+ 33.Kxh2 Qxb2 34.Qxf4 Qxc2+ 35.Nd2 Ne6
36.Qe3 Ne5 37.Kh1 Ng4 38.Qg3 Nf6 39.Qb8+ Nf8 40.Qf4 Ne6 41.Qb8+ Nf8 42.Qf4 Ne6
43.Qb8+  1/2-1/2

[Event "OKU"]
[Site "Utrecht NED"]
[Date "2009.06.07"]
[Round "5"]
[White "Kuipers,S"]
[Black "Giri,A"]
[Result "0-1"]
[WhiteElo "2343"]
[BlackElo "2517"]

1.e4 c5 2.Nf3 e6 3.d4 cxd4 4.Nxd4 Nc6 5.Nc3 Qc7 6.Be3 a6 7.Qd2 Nf6 8.O-O-O Be7
9.f3 h5 10.Qf2 d6 11.h3 b5 12.Bd3 b4 13.Nce2 Ne5 14.Kb1 d5 15.Bf4 Bd6 16.Qg3 O-O
17.Qg5 Bb7 18.Ng3 Nh7 19.Qxh5 Nxd3  0-1

[Event "59th ch-RUS w HL"]
[Site "Voronezh RUS"]
[Date "2009.06.07"]
[Round "7"]
[White "Tairova,E"]
[Black "Stepovaia Dianchenko,T"]
[Result "1-0"]
[WhiteElo "2422"]
[BlackElo "2365"]

1.e4 c5 2.Nf3 e6 3.d4 cxd4 4.Nxd4 Nc6 5.Nc3 Qc7 6.Be3 a6 7.Qd2 Nf6 8.O-O-O Be7
9.f3 O-O 10.g4 b5 11.g5 Ne8 12.Kb1 Bb7 13.Nxc6 Bxc6 14.Ne2 Rc8 15.Nd4 Bb7
16.h4 Nd6 17.Bf4 Qb6 18.h5 Nc4 19.Bxc4 Rxc4 20.Nb3 d5 21.Na5 dxe4 22.Nxc4 bxc4
23.h6 gxh6 24.gxh6 Bf6 25.Be5 Bxe5 26.Qg5+ Kh8 27.Qxe5+ f6 28.Qg3 Rg8 29.Qh4 e5
30.fxe4 f5 31.Qe7  1-0